000 00334nam a2200121 i 4500
001 bg
245 0 _aMatematyka :
_btematy egzaminów wstępnych z lat 1971-74 na wszystkie wyższe uczelnie oraz zbiór zadań.
260 _aWarszawa,
_c1975.
040 _cBPK
041 _apol
942 _cKS
008 s pl f |000 0 pol
999 _c382
_d382
856 _uhttp://koha.tu.koszalin.pl/cgi-bin/koha/opac-detail.pl?biblionumber=382
_yKatalog online BPK